International Business (Record no. 1916)

MARC details
000 -LEADER
fixed length control field 00375nam a22001457a 4500
008 - FIXED-LENGTH DATA ELEMENTS--GENERAL INFORMATION
fixed length control field 250210b |||||||| |||| 00| 0 eng d
020 ## - INTERNATIONAL STANDARD BOOK NUMBER
ISBN 0207107139
100 ## - MAIN ENTRY--AUTHOR
Author DANIEL, John D.
245 ## - TITLE STATEMENT
Title International Business
250 ## - EDITION STATEMENT
Edition statement 4th
260 ## - PUBLICATION, DISTRIBUTION, ETC. (IMPRINT)
Place of publication Massachusetts
Name of publisher Addison Wesley Publication Company
Date of publication 1976
300 ## - COLLATION
Pagination xviii, 851p.
942 ## - ADDED ENTRY ELEMENTS (KOHA)
Item type Books
050 ## - LIBRARY OF CONGRESS CALL NUMBER
Classification number HD2755.5
Item number .D36
Holdings
Source of classification or shelving scheme Not for loan Permanent location Current location Date acquired Accession No. Full call number Barcode. Koha item type
Library of Congress Classification   Samuel Ogbemudia Main Library, University of Abuja Samuel Ogbemudia Main Library, University of Abuja 02/10/2025 2017/49967 HD2755.5.D36 2025-0050 Books